Flugziele vom Flughafen Berlin (BER) - Statistiken

Allgemein
  • Dieses Quiz wurde 225 mal gespielt
  • Das Durchschnittsergebnis liegt bei 72 aus 145
Antwortstatistiken
Land Airline(s) Flugziel % Korrekt
Deutschland Lufthansa,Lufthansa City München / MUC
99%
Deutschland Lufthansa Frankfurt / FRA
93%
Ägypten Egypt Air Kairo / CAI
93%
Deutschland Eurowings Stuttgart / STR
90%
Frankreich Air France,EasyJet Paris / CDG
89%
Dänemark EasyJet,Norwegian, SAS Kopenhagen / CPH
87%
Frankreich EasyJet,Transavia Paris / ORY
87%
Irland Aer Lingus,Ryanair Dublin / DUB
86%
Belgien Brussels Airlines,Ryanair Brüssel / BRU
85%
Deutschland Eurowings Köln/Bonn / CGN
85%
Italien EasyJet Mailand-Linate / LIN
85%
Norwegen Norwegian Oslo / OSL
85%
Italien EasyJet,Ryanair, Wizz Air Rom / FCO
85%
Griechenland Aegean Airlines,Scoot Athen / ATH
84%
Deutschland Eurowings Düsseldorf / DUS
84%
Finnland Finnair Helsinki / HEL
84%
Luxemburg Luxair Luxemburg / LUX
84%
Niederlande EasyJet,KLM Amsterdam / AMS
83%
Österreich Austrian Airlines Wien / VIE
83%
Spanien Iberia Express,Ryanair Madrid / MAD
82%
Spanien EasyJet,Vueling Barcelona / BCN
81%
China Hainan Airlines Peking / PEK
81%
Portugal Ryanair,TAP Portugal Lissabon / LIS
80%
Ägypten EasyJet Kairo/Sphinx / SPX
79%
Bulgarien Bulgaria Air,Ryanair Sofia / SOF
79%
Schweden Eurowings,Norwegian, SAS Stockholm / ARN
79%
Polen LOT Warschau / WAW
79%
Lettland Air Baltic,Ryanair Riga / RIX
78%
Estland Air Baltic,Ryanair Tallinn / TLL
78%
Türkei Turkish Airlines Istanbul / IST
76%
Spanien EasyJet,Eurowings, Ryanair, Sund Air Palma de Mallorca / PMI
75%
Albanien Wizz Air Tirana / TIA
74%
Italien Ryanair Mailand-Malpensa / MXP
73%
Frankreich Ryanair Marseille / MRS
73%
Frankreich EasyJet,Volotea Lyon / LYS
72%
Italien Ryanair Mailand-Bergamo / BGY
72%
Portugal Ryanair Porto / OPO
72%
Island Icelandair,Play Reykjavik / KEF
71%
Singapur Scoot Singapur / SIN
70%
Israel Bluebird Airways,EasyJet, El Al, Israir, Ryanair Tel Aviv / TLV
70%
Litauen Air Baltic,Ryanair Vilnius / VNO
70%
Schweiz EasyJet,Eurowings, Swiss Zürich / ZRH
70%
Vereinigte Staaten United Newark / EWR
69%
Vereinigte Staaten Delta,Norse Atlantic New York / JFK
69%
Österreich Eurowings Salzburg / SZG
69%
Ungarn Ryanair,Wizz Air Budapest / BUD
67%
Rumänien Ryanair Bukarest / OTP
67%
Aserbaidschan Azerbaijan Airlines Baku / GYD
65%
Türkei A Jet Ankara / ESB
64%
Katar Qatar Airways Doha / DOH
64%
Vereinigte Arabische Emirate Condor,Eurowings Dubai / DXB
64%
Italien EasyJet Neapel / NAP
64%
Vereinigtes Königreich EasyJet,Ryanair Manchester / MAN
63%
Serbien Air Serbia,Wizz Air Belgrad / BEG
61%
Schweiz EasyJet Basel / EAP
59%
Polen Ryanair Krakau / KRK
59%
Frankreich EasyJet Nizza / NCE
59%
Tunesien Nouvelair Tunis / TUN
59%
Italien EasyJet Venedig / VCE
58%
Türkei Air Anka,Pegasus, SunExpress Antalya / AYT
57%
Frankreich EasyJet Bordeaux / BOD
57%
Österreich Eurowings Graz / GRZ
57%
Norwegen Norwegian Bergen / BGO
56%
Spanien EasyJet,Ryanair Valencia / VLC
56%
Schweiz EasyJet,Swiss Genf / GVA
53%
Ägypten Air Cairo,Condor, Corendon, EasyJet, Eurowings, FlyEgypt, Sund Air Hurghada / HRG
53%
Kosovo EasyJet Pristina / PRN
53%
Griechenland EasyJet,Eurowings, Ryanair, Sund Air Rhodos / RHO
53%
Kroatien EasyJet,Eurowings Split / SPU
53%
Italien Ryanair Venedig / TSF
53%
Nordmazedonien Wizz Air Skopje / SKP
51%
Libanon Eurowings,Sund Air Beirut / BEY
50%
Malta KM Malta Airlines Malta / MLA
50%
Marokko Ryanair Marrakesch / RAK
50%
Italien Ryanair Palermo / PMO
50%
Georgien Georgian Airways Tiflis / TBS
50%
Moldawien Fly One,Wizz Air Chisinau / RMO
49%
Spanien Eurowings,Ryanair Ibiza / IBZ
48%
Vereinigtes Königreich EasyJet,Ryanair Edinburgh / EDI
47%
Griechenland Corendon,EasyJet, Eurowings, Ryanair, Sund Air Heraklion / HER
46%
Spanien EasyJet,Eurowings, Ryanair Teneriffa / TFS
45%
Spanien Condor,EasyJet, Eurowings, Ryanair, Sund Air Gran Canaria / LPA
44%
Montenegro Ryanair Podgorica / TGD
44%
Griechenland Ryanair Thessaloniki / SKG
44%
Frankreich EasyJet Toulouse / TLS
44%
Jordanien Royal Jordanian Amman / AMM
42%
Italien Ryanair Bari / BRI
42%
Vereinigtes Königreich EasyJet,Ryanair Birmingham / BHX
41%
Türkei Pegasus,SunExpress Izmir / ADB
41%
Vereinigtes Königreich British Airways London Heathrow / LHR
41%
Spanien EasyJet,Eurowings, Ryanair Malaga / AGP
41%
Armenien Eurowings Jerewan / EVN
40%
Vereinigtes Königreich EasyJet Liverpool / LPL
40%
Vereinigtes Königreich EasyJet Glasgow / GLA
38%
Spanien EasyJet,Eurowings, Ryanair, Sund Air Fuerteventura / FUE
35%
Griechenland EasyJet,Ryanair Korfu / CFU
35%
Spanien Ryanair Alicante / ALC
33%
Kroatien Eurowings,Ryanair Dubrovnik / DBV
33%
Saudi-Arabien Eurowings,Flynas Jeddah / JED
33%
Griechenland Ryanair Kos / KGS
33%
Vereinigte Staaten Norse Atlantic Miami / MIA
33%
Italien Ryanair Bologna / BLQ
32%
Italien EasyJet,Ryanair Pisa / PSA
32%
Bulgarien Wizz Air Varna / VAR
32%
Italien EasyJet,Ryanair Catania / CTA
30%
Portugal Eurowings,Ryanair Faro / FAO
30%
Portugal EasyJet Funchal / FNC
30%
Frankreich Volotea Straßburg / SXB
30%
Spanien EasyJet,Eurowings, Ryanair Lanzarote / ACE
28%
Italien Sky Alps Bozen / BZO
25%
Türkei A Jet,Pegasus Istanbul / SAW
25%
Vereinigtes Königreich EasyJet London Gatwick / LGW
25%
Frankreich Transavia Nantes / NTE
25%
Norwegen EasyJet,Eurowings, Norwegian Tromso / TOS
25%
Bulgarien EasyJet,Sund Air Burgas / BOJ
24%
Litauen Ryanair Kaunas / KUN
24%
Kroatien Eurowings,Ryanair Zadar / ZAD
24%
Vereinigtes Königreich Ryanair London Stansted / STN
22%
Vereinigtes Königreich British Airways London City / LCY
21%
Kroatien EasyJet Pula / PUY
21%
Italien Volotea Verona / VRN
21%
Marokko EasyJet Agadir / AGA
19%
Deutschland Danish Air Transport Saarbrücken / SCN
19%
Vereinigtes Königreich EasyJet London Luton / LTN
18%
Vereinigtes Königreich EasyJet Bristol / BRS
16%
Finnland EasyJet,Eurowings Rovaniemi / RVN
15%
Griechenland EasyJet Chania / CHQ
13%
Zypern EasyJet Larnaca / LCA
13%
Ägypten EasyJet Marsa Alam / RMF
13%
Ägypten EasyJet Sharm El Sheikh / SSH
13%
Montenegro Eurowings Tivat / TIV
13%
Italien Ryanair Triest / TRS
13%
Zypern Ryanair Paphos / PFO
12%
Frankreich Eurowings Bastia / BIA
11%
Irak UR Airlines Erbil / EBL
11%
Italien EasyJet Olbia / OLB
11%
Griechenland Eurowings Zakynthos / ZTH
11%
Tunesien Nouvelair Monastir / MIR
10%
Türkei SunExpress Gaziantep / GZT
8%
Rumänien Wizz Air Iasi / IAS
8%
Georgien Wizz Air Kutaisi / KUT
7%
Spanien EasyJet La Palma / SPC
7%
Türkei SunExpress Mersin / COV
2%
Spanien Ryanair Castellón / CDT
0%
Griechenland EasyJet Preveza / PVK
0%
Keine übereinstimmenden Quizze gefunden
Verteilung der Resultate
Anzahl Personen mit jedem Resultat
Perzentil nach korrekt beantworteten Fragen
Ihre Resultats-Entwicklung
Sie haben dieses Quiz noch nicht gespielt